Freedom of the press (Record no. 397246)
[ view plain ]
| 000 -LEADER | |
|---|---|
| fixed length control field | 00463 a2200193 4500 |
| 005 - DATE & TIME | |
| control field | 20260417121223.0 |
| 008 - FIXED-LENGTH DATA ELEMENTS--GENERAL INFORMATION | |
| fixed length control field | 260416b |||||||| |||| 00| 0 eng d |
| 020 ## - ISBN | |
| International Standard Book Number | 9789370444928 |
| Price | Rs. 2500.00 |
| 040 ## - CATALOGING SOURCE | |
| Original cataloging agency | VIVEKANANDA LIBRARY |
| 082 ## - DDC NUMBER | |
| Classification number | 070.1 |
| Book Number | R13F |
| 100 ## - MAIN ENTRY--PERSONAL NAME | |
| Personal name | Rai, Ramesh |
| 245 ## - TITLE STATEMENT | |
| Title | Freedom of the press |
| 260 ## - PUBLICATION, DISTRIBUTION, ETC. (IMPRINT) | |
| Name of publisher, distributor, etc | Asia Publishers |
| Date of publication, distribution, etc | 2026 |
| Place of publication, distribution, etc | New Delhi |
| 300 ## - PHYSICAL DESCRIPTION | |
| Pages | x, 256 |
| 650 ## - Subject | |
| Subject | Journalism |
| 650 ## - Subject | |
| Subject | Press |
| 650 ## - Subject | |
| Subject | Mass Media |
| 942 ## - ADDED ENTRY ELEMENTS (KOHA) | |
| Koha item type | Books |
| Withdrawn status | Lost status | Source of classification or shelving scheme | Damaged status | Not for loan | Location (home branch) | Sublocation or collection (holding branch) | Shelving location | Date acquired | Koha issues (times borrowed) | Koha full call number | Accession No. | Koha date last seen | Koha item type |
|---|---|---|---|---|---|---|---|---|---|---|---|---|---|
| Dewey Decimal Classification | VIVEKANANDA LIBRARY | VIVEKANANDA LIBRARY | Vivekananda Library | 01/04/2026 | 070.1 R13F | 450069 | 01/04/2026 | Books |
